Cry freedom (Record no. 71838)

MARC details
000 -LEADER
fixed length control field 00914cam a2200205 4500
001 - CONTROL NUMBER
control field ABS66240
008 - FIXED-LENGTH DATA ELEMENTS--GENERAL INFORMATION
fixed length control field 021220n2002 000 0 eng u
035 ## - SYSTEM CONTROL NUMBER
System control number (Sirsi) u120862
100 ## - MAIN ENTRY--PERSONAL NAME
Personal name Parisotti, M
245 ## - TITLE STATEMENT
Title Cry freedom
260 ## - PUBLICATION, DISTRIBUTION, ETC.
Date of publication, distribution, etc. 2002
490 ## - SERIES STATEMENT
Series statement Building
Volume/sequential designation 267(8257) 1 November 2002, 47(1)
520 ## - SUMMARY, ETC.
Summary, etc. Explores how exempting a contract administrator from liability can aid them to be impartial, even when they answer to the client. They should hear both sides, and not be unduly influenced by either, and this can be achieved if neither party can sue the adjudicator. Suggests a new law could achieve this.
590 ## - LOCAL NOTE (RLIN)
Local note ABS
650 ## - SUBJECT ADDED ENTRY--TOPICAL TERM
Topical term or geographic name entry element MANAGEMENT-DISPUTE AVOIDANCE, MANAGEMENT AND RESOLUTION-DISPUTE MANAGEMENT AND RESOLUTION-ALTERNATIVE DISPUTE RESOLUTION-ADJUDICATION
650 ## - SUBJECT ADDED ENTRY--TOPICAL TERM
Topical term or geographic name entry element CONTRACT ADMINISTRATORS
650 ## - SUBJECT ADDED ENTRY--TOPICAL TERM
Topical term or geographic name entry element LIABILITY
690 ## - LOCAL SUBJECT ADDED ENTRY--TOPICAL TERM (OCLC, RLIN)
Topical term or geographic name as entry element Dispute resolution
9 (RLIN) 6236
942 ## - ADDED ENTRY ELEMENTS (KOHA)
Suppress in OPAC 0
Holdings
Withdrawn status Lost status Source of classification or shelving scheme Damaged status Not for loan Home library Current library Shelving location Date acquired Total Checkouts Full call number Barcode Date last seen Copy number Price effective from Koha item type
    Dewey Decimal Classification     London London Journal article 20/12/2002   ABS66240 120862-1001 06/08/2019 1 06/08/2019 Journal article